Anatomía con orientación clínica / (Registro nro. 2408)

Detalles MARC
000 -LEADER
fixed length control field 00971 am a2200325 a 4500
005 - FECHA ULTIMA MODIFICACION
control field 20231218105823.0
008 - CAMPO DE CONTROL (LIBRO)
fixed length control field 100812s2007||||sp a f |||| 001 0 spa d
020 ## - INTERNATIONAL STANDARD BOOK NUMBER
ISBN 9789687988894
041 ## - CODIGO DE IDIOMA
Código de idioma del texto/pista de sonido o título separado spa
092 ## - SIGNATURA TOPOGRAFICA DEWEY LOCAL
número de clasificación 611
libristica 53
sección MOO
100 1# - ENTRADA PRINCIPAL--NOMBRE PERSONAL
Nombre personal Moore, Keith L.
9 (RLIN) 137
245 ## - TITULO PROPIAMENTE DICHO
Título Anatomía con orientación clínica /
Mención de responsabilidad y remanente de la transcripción de la portada Keith L. Moore.
250 ## - MENCION DE EDICION
Mención de edición 5a ed.
260 ## - PIE DE IMPRENTA
Lugar de publicación, distribución, etc Madrid:
Nombre de la editorial, distribuidor, etc Editorial Médica Panamericana;
Fecha de publicación 2007.
300 ## - DESCRIPCION FISICA
Extension 1205 p.
Otros detalles físicos il.
500 ## - NOTA GENERAL
Nota general Moore, K. (2007). Anatomía con orientación clínica. (5a ed.). México : Editorial Médica Panamericana.
653 ## - TÉRMINO INDIZADO - PALABRAS CLAVES
Palabra clave Introducción a la anatomía con orientación clínica
653 ## - TÉRMINO INDIZADO - PALABRAS CLAVES
Palabra clave Tórax
653 ## - TÉRMINO INDIZADO - PALABRAS CLAVES
Palabra clave Abdomen
653 ## - TÉRMINO INDIZADO - PALABRAS CLAVES
Palabra clave Pelvis y perineo
653 ## - TÉRMINO INDIZADO - PALABRAS CLAVES
Palabra clave Espalda
653 ## - TÉRMINO INDIZADO - PALABRAS CLAVES
Palabra clave Miembro inferior
653 ## - TÉRMINO INDIZADO - PALABRAS CLAVES
Palabra clave Miembro superior
653 ## - TÉRMINO INDIZADO - PALABRAS CLAVES
Palabra clave Cabeza
653 ## - TÉRMINO INDIZADO - PALABRAS CLAVES
Palabra clave Cuello
653 ## - TÉRMINO INDIZADO - PALABRAS CLAVES
Palabra clave Nervios craneales
700 1# - ENTRADAS SECUNDARIAS - NOMBRE PERSONAL
Nombre personal Dalley, Arthur F.
9 (RLIN) 1315
930 ## - NUMERO DE INVENTARIO
Número de inventario 3861
942 ## - ADDED ENTRY ELEMENTS (KOHA)
Source of classification or shelving scheme Dewey Decimal Classification
Item type Libros
Existencias
Estado de retiro Existencia Fuente de clasificación Estado general No para prestamo Colección Ubicación permanente ubicación actual Sala de ubicación Fecha de adquisición Fuente de adquisición Total Checkouts Total Renewals Número de clasificación Código de barras Date last seen Date last borrowed Número de ejemplar Price effective from Koha tipo de elemento (item) Public note
    Dewey Decimal Classification     Non-fiction Biblioteca Medicina Biblioteca Medicina Circulación 03/05/2017 Donacion Florencia Lagos 24 7 611 53 MOO 3861 08/05/2026 16/04/2026 Ej. 14 03/05/2017 Libros Donacion Florencia Lagos Mayo 2017

UNIVERSIDAD NACIONAL DEL COMAHUE
Biblioteca de la Facultad de Ciencias Médicas
Sede Toschi: Los Arrayanes y Av. Toschi, Cipolletti  - Rio Negro
Sede Los Tordos:  Yrigoyen al 2211, Cipolletti - Rio Negro 

Teléfono: 0299 - 4774707 int 25
Contacto: biblioteca@facimed.uncoma.edu.ar
© 2011 - 2026